000 00914cam a22002531 4500
001 gs 65000335
003 DLC
005 20260227111417.0
008 750401s1964 xx 000 0 eng
010 _ags 65000335
035 _a(OCoLC)1246599
040 _aDLC
_cNOsU
_dDLC
042 _apremarc
050 0 0 _aQE138.H8
_bW5
100 1 _aWillden, Charles Ronald,
_d1929-
245 1 0 _aGeology and mineral deposits of Humboldt County, Nevada,
_cby Ronald Willden.
260 _aReno,
_bMackay School of Mines, University of Nevada,
_c1964.
300 _ax, 154 p.
_billus., maps., (14 fold. illus., 2 fold. col. maps)
_c23 cm.
410 2 0 _aNevada Bureau of Mines.
_tBulletin
_v59.
500 _aPrepared cooperatively by the U. S. Geological Survey.
504 _aBibliography: p. 140-145.
650 0 _aGeology
_zNevada
_zHumboldt County.
650 0 _aMines and mineral resources
_zNevada
_zHumboldt County.
999 _c30087
_d30087